000 00209 a2200109 4500
020 _a9780312318079
041 _aeng
100 _aCristine Poulson
245 _aMurder is Academi
942 _cBK
952 _74
999 _c16575
_d16575